000 00319nam a2200145Ia 4500
008 230312s9999||||xx |||||||||||||| ||und||
082 _a028.8
_bMUR
100 _aMurad Khuram
245 0 _aSelf Development
260 _bManshurat
_aLahore
_c2005
300 _a38
546 _aEng.
650 _aComputer
942 _cBK
999 _c2868
_d2868